000
00381nam a22001217a 4500
040
_c
SK
082
_a
039
100
_a
NA
245
_a
សទ្ទានុក្រមពាក្យបច្ចេកទេសផ្នែកបសុវប្បកម្ម អង់គ្លេស បារាំង ខ្មែរ
260
_a
RUA
_b
NA
_c
NA
300
_a
25p.
942
_c
KB
999
_c
10243
_d
10243